000 00746nam a2200217Ii 4500
003 JO-AjNU
008 230605s9999||||xx |||||||||||||| ||und||
017 _a39095
040 _aJO-AjNU
_bara
_erda
_cJO-AjNU
041 _aara
050 1 4 _aPJ6166.S98 2007
100 3 _aتاليف الصويركي،محمد علي,
_eauthor
_922284
245 0 0 _aالتعبير الشفوي حقيقته،واقعه،أهدافه،مهاراته،طرق تدريسه وتقويمه
250 _aط1
264 3 1 _aاربد: المؤلف، 2007
300 _a224ص
336 _atext
_btxt
_2rdacontent
337 _aunmediated
_bn
_2rdamedia
338 _avolume
_bnc
_2rdacarrier
650 4 _aاللغة العربية-الاسلوب الادبي
_922285
999 _aA7883
_c11451
_d11451